00440nam a2200169 a 45000010010000000030011000100080041000210200022000620350026000841000018001102450026001282600038001543000017001925000012002096500019002218560030002400001-1166ELIB.Books150506 2010 eng  a13: 9781600061417 a(ELIB.Books)0001-1321 aDillow, Linda aCalm My Anxious Heart aColorado SpringsbNAV Pressc2007 a254c21.5 Cm alibrary aChristian Life nKBTS: LibraryuKBTS: Elib